Sūra-sāhitya kī bhūmikā. (Record no. 73469)

MARC details
000 -LEADER
fixed length control field 00705cam a22002411 4500
001 - CONTROL NUMBER
control field sa 67002844
003 - CONTROL NUMBER IDENTIFIER
control field DLC
005 - DATE AND TIME OF LATEST TRANSACTION
control field 20260227112333.0
008 - FIXED-LENGTH DATA ELEMENTS--GENERAL INFORMATION
fixed length control field 890615s1964 ii b 000 0 hino
010 ## - LIBRARY OF CONGRESS CONTROL NUMBER
LC control number sa 67002844
035 ## - SYSTEM CONTROL NUMBER
System control number (OCoLC)19876979
040 ## - CATALOGING SOURCE
Original cataloging agency DLC
Transcribing agency WaU
Modifying agency NRU
-- DLC
042 ## - AUTHENTICATION CODE
Authentication code premarc
050 00 - LIBRARY OF CONGRESS CALL NUMBER
Classification number PK2095.S8
Item number Z57
100 1# - MAIN ENTRY--PERSONAL NAME
Personal name Bhatnagar, Ram Ratan.
245 10 - TITLE STATEMENT
Title Sūra-sāhitya kī bhūmikā.
Statement of responsibility, etc. Lekhaka Rāmaratana Bhaṭanāgara.
250 ## - EDITION STATEMENT
Edition statement [1. saṃskaraṇa]
260 ## - PUBLICATION, DISTRIBUTION, ETC.
Place of publication, distribution, etc. Ilāhābāda,
Name of publisher, distributor, etc. Rāmanārāyṇalāla Benīmādhava,
Date of publication, distribution, etc. 1964.
300 ## - PHYSICAL DESCRIPTION
Extent 2, 392 p.
Dimensions 19 cm.
500 ## - GENERAL NOTE
General note In Hindi.
504 ## - BIBLIOGRAPHY, ETC. NOTE
Bibliography, etc. note Bibliographical footnotes.
600 00 - SUBJECT ADDED ENTRY--PERSONAL NAME
Personal name Sūradāsa,
Dates associated with a name 1483?-1563?

No items available.

Powered by Koha